[Event "Cto. Navarra por equipos - Division Hono"]
[Site "?"]
[Date "2017.10.28"]
[Round "3"]
[White "Sanchez Carayol, Jesus Carlos"]
[Black "Vila Dupla, Aurelio"]
[Result "0-1"]
[WhiteElo "2082"]
[BlackElo "2139"]

1.e4 c5 2.Nf3 d6 3.c3 Nf6 4.h3 g6 5.Bd3 Bg7 6.Bc2 O-O 7.d4 cxd4 8.cxd4 Nc6 9.Nc3
e5 10.O-O exd4 11.Nxd4 Nxe4 12.Nxe4 Nxd4 13.Bg5 Qb6 14.Be7 d5 15.Bxf8 Kxf8
16.Ng5 Qc7 17.Rc1 Qf4 18.h4 h6 19.g3 Qg4 20.Qxg4 Bxg4 21.Bd1 Bxd1 22.Rcxd1 hxg5
23.hxg5 Rc8 24.Rd3 Rc2 25.Rfd1 Rxb2 26.Rxd4 Bxd4 27.Rxd4 Rxa2 28.Rxd5 Re2 29.Rd7
Re7 30.Rd8 Re8 31.Rd7 Rb8 32.Kf1 a5 33.Ke2 a4 34.Kd2 b5 35.Ra7 Rc8 36.f4 Rc4
37.Kd3 Rb4 38.Kc2 Rb3 39.Rb7 Rb4 40.Kc3 Rc4 41.Kd3 a3 42.Rxb5 Ra4 43.Rb1 a2
44.Ra1 Ra3 45.Kc2 Rxg3 46.Kb2 Rg2 47.Kb3 Ke7 48.Re1 Kd6 49.Kc4 Rb2 50.Ra1 Ke6
51.Kc3 Rf2 52.Kd3 Kf5 53.Ke3 Rb2 54.Kf3 Rb3 55.Kg2 Ra3 0-1

[Event "Cto. Navarra por equipos - Division Hono"]
[Site "?"]
[Date "2017.10.28"]
[Round "3"]
[White "Ugalde Ezcurra, Jose Miguel"]
[Black "Zamarbide Inarrea, Borja"]
[Result "1-0"]
[WhiteElo "2119"]
[BlackElo "2048"]

1.g3 e6 2.c4 Nf6 3.Bg2 d5 4.d4 Be7 5.Nf3 O-O 6.O-O dxc4 7.Na3 Nbd7 8.Nxc4 c5
9.b3 Nb6 10.Nce5 Nbd5 11.Bb2 a5 12.a3 a4 13.dxc5 axb3 14.Rc1 Qa5 15.Nd3 Ne4
16.Nd4 f5 17.Nxb3 Qb5 18.Nd4 Qe8 19.e3 Ra5 20.Nb3 Ra8 21.Nd2 Nxd2 22.Qxd2 Bd7
23.e4 Nf6 24.exf5 exf5 25.Ne5 Be6 26.Bxb7 Ne4 27.Qe2 Nxc5 28.Bxa8 Qxa8 29.Rxc5
Bxc5 30.Nd3 Bc4 31.Qe5 Qa7 32.Nxc5 Bxf1 33.Kxf1 Rb8 34.Nd7 Qa6 35.Kg1 1-0

[Event "Cto. Navarra por equipos - Division Hono"]
[Site "?"]
[Date "2017.10.28"]
[Round "3"]
[White "Lopez Orois, Jose Manuel"]
[Black "Munoz Arana, Miguel"]
[Result "1-0"]
[WhiteElo "2036"]
[BlackElo "2074"]

1.e4 c5 2.Nf3 g6 3.d4 Bg7 4.Nc3 cxd4 5.Nxd4 Nc6 6.Be3 Nf6 7.Bc4 O-O 8.Bb3 Qa5
9.O-O d6 10.h3 Bd7 11.Qe2 Nxe4 12.Nxc6 Bxc6 13.Nxe4 Bxe4 14.c3 Bc6 15.Rfd1 Rac8
16.Rd2 Rfe8 17.Rad1 a6 18.Qg4 Qe5 19.h4 Qe4 20.Qg3 h5 21.f4 Qf5 22.Qf2 Qg4
23.Bd4 Bh6 24.Rf1 Be4 25.Be3 b5 26.Bd1 Qf5 27.Qg3 Bg7 28.Bb3 d5 29.Bd4 Bxd4
30.Rxd4 e6 31.Qf2 Rc6 32.Re1 Rec8 33.Re3 Qf6 34.Rg3 Bf5 35.Rg5 Bg4 36.Qd2 Kh7
37.Rd3 Qe7 38.Rg3 f6 39.R3xg4 hxg4 40.Rxg4 Rg8 41.Qd3 f5 42.Rg5 Qf6 43.Qe2 Kg7
44.h5 Kf8 45.Qe3 gxh5 46.Rxg8 Kxg8 47.Bxd5 Rd6 48.Bb3 Kg7 49.Qf3 Kh6 50.a4 bxa4
51.Bxa4 Rd2 52.b4 Qh4 53.Qe3 Rd6 54.Qe5 Qe7 55.Qh8 Kg6 56.Be8 1-0

[Event "Cto. Navarra por equipos - Division Hono"]
[Site "?"]
[Date "2017.10.28"]
[Round "3"]
[White "Unanua Garcia, Pedro"]
[Black "Argaya Urdaniz, Miguel"]
[Result "1/2-1/2"]
[WhiteElo "2105"]
[BlackElo "1923"]

1.d4 Nf6 2.Nf3 g6 3.Bf4 Bg7 4.h3 b6 5.e3 Bb7 6.Be2 d6 7.O-O Nbd7 8.c4 c5 9.Nc3
O-O 10.d5 a6 11.a4 Ne8 12.Qd2 Nc7 13.Rfd1 Ne5 14.e4 Bc8 15.Bh6 Nxf3 16.Bxf3 Bd7
17.Bxg7 Kxg7 18.e5 f6 19.exd6 exd6 20.Qf4 Ne8 21.Re1 f5 22.Re2 Qf6 23.Rae1 Nc7
24.Re7 Rf7 25.Rxf7 Kxf7 26.Qh6 Kg8 27.h4 Re8 28.Re3 Qd4 1/2-1/2

[Event "Cto. Navarra por equipos - Division Hono"]
[Site "?"]
[Date "2017.10.28"]
[Round "3"]
[White "Lizuain Toni, Javier"]
[Black "Vinal Gutierrez, Pedro"]
[Result "1/2-1/2"]
[WhiteElo "1834"]
[BlackElo "2041"]

1.e4 e6 2.d4 d5 3.Bd3 dxe4 4.Bxe4 Nf6 5.Bf3 Nbd7 6.Ne2 Bd6 7.Nbc3 c6 8.O-O h6
9.Re1 O-O 10.Ng3 Re8 11.a4 Qc7 12.Nce2 e5 13.Ne4 Nxe4 14.Bxe4 exd4 15.Ng3 Nf6
16.Qxd4 Be5 17.Qd3 Bxg3 18.hxg3 Bf5 19.Bf4 Bxe4 20.Rxe4 Qa5 21.Rxe8 Rxe8 22.Bd2
Qh5 23.Re1 Rxe1 24.Bxe1 Qg4 25.b3 Qe4 26.Qxe4 Nxe4 27.f3 Ng5 28.Bf2 a6 29.Kf1 f5
30.Ke2 Ne6 31.Kd3 b5 32.axb5 axb5 33.c4 Kf7 34.cxb5 cxb5 35.Kc3 Nc7 36.Kb4 Ke6
37.Bb6 Nd5 38.Kxb5 h5 39.Bf2 f4 40.gxf4 Nxf4 41.g4 Nd3 42.Bg3 hxg4 43.fxg4 Kd5
44.g5 Nc5 45.Bf2 Nxb3 46.Kb4 Nd2 47.Be3 Ne4 48.Kb3 g6 49.Kc2 Ke5 50.Kd3 Kf5
51.Ke2 Nxg5 52.Kf2 Nf7 53.Kg3 Nd6 54.Bc1 Ne4 55.Kg2 Kg4 56.Be3 Nd6 57.Bc1 Nc4
58.Bh6 1/2-1/2

[Event "Cto. Navarra por equipos - Division Hono"]
[Site "?"]
[Date "2017.10.28"]
[Round "3"]
[White "Garjon Modrego, Miguel"]
[Black "Adrian Abad, Miguel"]
[Result "1-0"]
[WhiteElo "1895"]
[BlackElo "1407"]

1.d4 Nf6 2.Nf3 g6 3.h3 Bg7 4.Bf4 O-O 5.e3 c5 6.c3 cxd4 7.exd4 d5 8.Bd3 Nc6 9.O-O
a6 10.Nbd2 Bd7 11.Re1 Qc8 12.Rc1 Bf5 13.Bf1 b5 14.Nb3 Ne4 15.Be3 Qb7 16.Nfd2 Nf6
17.Nc5 Qc7 18.Be2 Nd7 19.Ndb3 e5 20.Nxd7 Bxd7 21.dxe5 Nxe5 22.Qxd5 Be6 23.Qc5
Qxc5 24.Bxc5 Rfc8 25.Bd4 Nc4 26.Bxg7 Kxg7 27.Bxc4 Bxc4 28.Nd4 Re8 29.a3 Kf8
30.f3 Re7 31.Rxe7 Kxe7 32.Re1 Kf8 33.Kf2 Rd8 34.Re5 Rd6 35.Rc5 Ke7 36.Rc6 Rxc6
37.Nxc6 Kd6 38.Nd4 a5 39.g3 Kc5 40.Ke3 b4 41.axb4 axb4 42.h4 bxc3 43.bxc3 Bd5
44.g4 Kc4 45.Kd2 f6 46.f4 Be4 47.Ne6 f5 48.gxf5 Bxf5 49.Ng5 h6 50.Nf7 h5 51.Nd6
Kc5 52.Nxf5 gxf5 53.Kd3 Kd5 54.c4 Kc5 55.Kc3 Kc6 56.Kd4 Kd6 57.c5 Kc6 58.Kc4 Kc7
59.Kd5 Kd7 60.Ke5 1-0

[Event "Cto. Navarra por equipos - Division Hono"]
[Site "?"]
[Date "2017.10.28"]
[Round "3"]
[White "Ortin Blanco, Inigo"]
[Black "Burguete Archel, Eduardo"]
[Result "0-1"]
[WhiteElo "2261"]
[BlackElo "2207"]

1.d4 Nf6 2.Bg5 Ne4 3.Bh4 c5 4.f3 g5 5.fxe4 gxh4 6.e3 Bh6 7.Nc3 Bxe3 8.Bc4 cxd4
9.Nd5 Nc6 10.Qh5 e6 11.Nxe3 dxe3 12.O-O-O Qa5 13.Qxh4 Qc5 14.Bb3 a5 15.Qf6 Rg8
16.Ne2 a4 17.Rhf1 Qe7 18.Bc4 Qxf6 19.Rxf6 Ne5 20.Bb5 Rxg2 21.Rh6 Ra5 22.Nd4 Rxb5
23.Rxh7 Rc5 0-1

[Event "Cto. Navarra por equipos - Division Hono"]
[Site "?"]
[Date "2017.10.28"]
[Round "3"]
[White "Argandona Salinas, Gorka"]
[Black "Roldan Marques, Daniel"]
[Result "0-1"]
[WhiteElo "2090"]
[BlackElo "2189"]

1.c4 e5 2.g3 Nc6 3.Bg2 Bc5 4.Nc3 d6 5.e3 a6 6.Nge2 Ba7 7.d4 h5 8.h3 Nge7 9.b4
exd4 10.exd4 Nxb4 11.d5 a5 12.O-O Bf5 13.Nf4 Qd7 14.a3 Na6 15.Nb5 Bb6 16.Nd4
O-O-O 17.Be3 Nc5 18.Nxf5 Nxf5 19.Bxc5 Bxc5 20.Nd3 Bd4 21.Rb1 Nxg3 22.Re1 Rde8
23.Rxe8 Rxe8 24.Qb3 b6 25.c5 dxc5 26.d6 Qxd6 27.Qb5 Kd8 28.Qa6 Ne2 29.Kh1 Ke7
30.Re1 Kf8 31.Bf3 Nc3 32.Rxe8 Kxe8 33.Bxh5 Qd5 34.Kh2 Be5 35.Kg1 Bd6 36.Bg4 Ke7
37.Ne1 Ne4 38.Qe2 Kf8 39.Bf3 Qg5 40.Ng2 Qc1 41.Ne1 Ng5 42.Kg2 Qf4 43.Bg4 Qh2 0-1

[Event "Cto. Navarra por equipos - Division Hono"]
[Site "?"]
[Date "2017.10.28"]
[Round "3"]
[White "Sesma Rubio, Patxi"]
[Black "Leranoz Zabalza, Adrian"]
[Result "1-0"]
[WhiteElo "2150"]
[BlackElo "2067"]

1.d4 e6 2.Nf3 Nf6 3.Bg5 h6 4.Bxf6 Qxf6 5.e4 d6 6.Bd3 e5 7.h3 Be7 8.Nc3 c6 9.Ne2
O-O 10.c3 a5 11.Ng3 g6 12.Qd2 Kg7 13.Bc2 Re8 14.Nh2 Na6 15.O-O Nc7 16.f4 exd4
17.cxd4 Ne6 18.e5 dxe5 19.Ng4 Qh4 20.fxe5 Bg5 21.Qf2 Rf8 22.Nf5 gxf5 23.Qxf5 Be3
24.Nxe3 Ng5 25.Qf6 Kg8 26.Rf4 Qg3 27.Nf5 Bxf5 28.Qxf5 Nxh3 29.Kh1 Ng5 30.Rg4 1-0

[Event "Cto. Navarra por equipos - Division Hono"]
[Site "?"]
[Date "2017.10.28"]
[Round "3"]
[White "Lazkoz Diez, Oskar"]
[Black "Ortin Blanco, Ainhoa"]
[Result "1-0"]
[WhiteElo "1884"]
[BlackElo "2043"]

1.e4 c5 2.Nf3 Nc6 3.d4 cxd4 4.Nxd4 g6 5.Bc4 Bg7 6.Be3 Nf6 7.Nc3 O-O 8.O-O d6
9.h3 Bd7 10.Bb3 Rc8 11.Qd2 Nxd4 12.Bxd4 Bc6 13.Rad1 b5 14.Rfe1 a5 15.a4 b4
16.Nd5 Nd7 17.Qg5 Re8 18.Bxg7 Kxg7 19.Qf4 Ne5 20.Ne3 Rf8 21.Ng4 Nxg4 22.hxg4 h6
23.e5 d5 24.e6 f6 25.Qd4 Qc7 26.Re3 Rfd8 27.Rh3 Qe5 28.Qc5 Rd6 29.Bxd5 Bxd5
30.Qa7 Re8 31.Re3 Qg5 32.Red3 Kh8 33.f4 Qxg4 34.Rxd5 Qxe6 35.Qxa5 Qe3 36.Kh1
Qxf4 37.Qb5 Rc8 38.Rxd6 exd6 39.Qd7 Rg8 40.Qxd6 Qf2 41.Qd4 Qf5 42.Kg1 g5 43.Rf1
Qe5 44.Qxb4 Qe3 45.Kh1 g4 46.Qf4 Qxf4 47.Rxf4 Rb8 48.b3 Kg7 49.Rxg4 Kf7 50.Rc4
Ra8 51.Kh2 Ke6 52.Kg3 Ra5 53.Rb4 Rg5 54.Kf3 Kd7 55.Rb5 Rg8 56.a5 Ra8 57.b4 Kc7
58.Rb6 Rf8 59.c4 h5 60.c5 f5 61.a6 Ra8 62.b5 Kc8 63.Rb7 h4 64.c6 1-0

[Event "Cto. Navarra por equipos - Division Hono"]
[Site "?"]
[Date "2017.10.28"]
[Round "3"]
[White "Laguardia Ortega, Moises"]
[Black "Larrea Reta, Javier"]
[Result "1-0"]
[WhiteElo "2030"]
[BlackElo "1853"]

1.e4 c5 2.Nf3 d6 3.Bb5 Bd7 4.Bxd7 Nxd7 5.O-O Ngf6 6.Re1 e5 7.c3 Be7 8.d4 O-O
9.Qb3 Qc7 10.Bg5 a6 11.a4 c4 12.Qc2 b5 13.axb5 axb5 14.Nbd2 Ra7 15.Rxa7 Qxa7
16.b3 cxb3 17.Qxb3 Qa4 18.Rb1 Qxb3 19.Rxb3 Rb8 20.Kf1 h6 21.Bh4 g5 22.Bg3 Nh5
23.Ke2 Nxg3 24.hxg3 f6 25.Nf1 Bf8 26.Ne3 Kf7 27.Nd5 h5 28.Nc7 exd4 29.cxd4 b4
30.Nd5 Rb7 31.Rxb4 Rxb4 32.Nxb4 Nb6 33.Kd3 Ke7 34.Nd2 Kd7 35.Nc4 Nxc4 36.Kxc4
Ke6 37.f3 f5 38.exf5 Kxf5 39.Kd5 g4 40.Nc2 h4 41.Ne3 Kg5 42.gxh4 Kxh4 43.Nxg4
Kg3 44.Ne3 Kf2 45.Ke4 Bg7 46.g4 Bf8 47.d5 Kg3 48.Nf5 Kh3 49.Kf4 1-0

[Event "Cto. Navarra por equipos - Division Hono"]
[Site "?"]
[Date "2017.10.28"]
[Round "3"]
[White "Saenz Mur, Inigo"]
[Black "Garrido Lasheras, David"]
[Result "0-1"]
[WhiteElo "1832"]
[BlackElo "2075"]

1.d4 Nf6 2.c4 e6 3.Nc3 Bb4 4.Bd2 b6 5.e3 Bb7 6.Nf3 O-O 7.Bd3 Bxc3 8.bxc3 Ne4
9.O-O f5 10.Bxe4 fxe4 11.Ne1 Ba6 12.Qb3 d5 13.cxd5 exd5 14.Nc2 Bc4 15.Qb2 Qh4
16.f4 exf3 17.Rxf3 Rxf3 18.gxf3 Be2 19.Be1 Qh3 20.Nb4 Qf1 0-1

[Event "Cto. Navarra por equipos - Division Hono"]
[Site "?"]
[Date "2017.10.28"]
[Round "3"]
[White "Martinez Bernardo, Aitor"]
[Black "Gonzalez Etayo, Oihana"]
[Result "1-0"]
[WhiteElo "1976"]
[BlackElo "1805"]

1.c4 e6 2.g3 f5 3.Bg2 Nf6 4.e3 Be7 5.Ne2 O-O 6.Nbc3 c6 7.O-O d5 8.cxd5 exd5
9.Qc2 Nbd7 10.Nd4 Nc5 11.Nxf5 Nfe4 12.Nxe7 Qxe7 13.Nxe4 Nxe4 14.h4 Bf5 15.d3 Nc5
16.Rd1 Rae8 17.b4 Nd7 18.Qb3 Kh8 19.b5 Qe6 20.bxc6 bxc6 21.Qc3 Ne5 22.Bb2 Rf7
23.Qxe5 Qxe5 24.Bxe5 Rxe5 25.e4 Bg4 26.Rdc1 dxe4 27.Bxe4 g6 28.Rxc6 Rb5 29.Rc2
a5 30.Rac1 Be6 31.Rc5 Rb2 32.R1c2 Rb1 33.Kg2 a4 34.d4 Rd1 35.d5 Bd7 36.Bf3 Rd3
37.Be4 Rd4 38.R5c4 Rd1 39.Rc7 Kg7 40.R7c3 Bb5 41.Bf3 Rd4 42.Re3 Bd3 43.Rb2 Bc4
44.Re4 Rxe4 45.Bxe4 Kf6 46.f4 a3 47.Rc2 Bb5 48.Rc3 Ra7 49.Bd3 Bd7 50.Kf3 Ke7
51.Bc2 Kd6 52.Bb3 h5 53.Ke4 Rb7 54.Kd4 Rb4 55.Rc4 Rb5 56.Rc3 Rb4 57.Ke3 Rb8
58.Bc4 Ra8 59.Bd3 Ra5 60.Bxg6 Kxd5 61.Bxh5 Ke6 62.Bg4 1-0

[Event "Cto. Navarra por equipos - Division Hono"]
[Site "?"]
[Date "2017.10.28"]
[Round "3"]
[White "Salinas Alcalde, Inaki"]
[Black "Ortega Lopez, Mikel"]
[Result "0-1"]
[WhiteElo "2021"]
[BlackElo "2232"]

1.d4 Nf6 2.c4 e6 3.Nc3 Bb4 4.a3 Bxc3 5.bxc3 b6 6.Nf3 Bb7 7.Bg5 h6 8.Bh4 d6 9.e3
g5 10.Bg3 Ne4 11.Qc2 f5 12.Bd3 Qf6 13.O-O-O Nd7 14.h4 O-O-O 15.Rh2 e5 16.Rdh1
Nxg3 17.fxg3 e4 18.hxg5 hxg5 0-1

[Event "Cto. Navarra por equipos - Division Hono"]
[Site "?"]
[Date "2017.10.28"]
[Round "3"]
[White "Urriza Iricibar, Pablo"]
[Black "Lisarri Tomas, Antonio"]
[Result "1-0"]
[WhiteElo "2217"]
[BlackElo "1959"]

1.e4 c5 2.Nf3 d6 3.d4 cxd4 4.Nxd4 Nf6 5.Nc3 a6 6.h3 e6 7.g4 h6 8.Bg2 Qc7 9.O-O
Be7 10.Kh1 Nc6 11.Nde2 b5 12.a3 Rb8 13.f4 Bb7 14.Be3 Nd7 15.f5 Bf6 16.fxe6 fxe6
17.Nf4 Kf7 18.Nxe6 Kxe6 19.Nd5 Qd8 20.Nf4 Ke7 21.Ng6 Kf7 22.Qd5 Kxg6 23.e5 Nc5
24.Bxc5 dxc5 25.Be4 Kg5 26.Rf5 Kh4 27.Rh5 Kg3 28.Qb3 1-0

[Event "Cto. Navarra por equipos - Division Hono"]
[Site "?"]
[Date "2017.10.28"]
[Round "3"]
[White "Hernandez Barricarte, Miguel A"]
[Black "Navarrete Delgado, Sergio"]
[Result "1/2-1/2"]
[WhiteElo "1902"]
[BlackElo "2217"]

1.d4 Nf6 2.c4 e6 3.g3 c5 4.d5 d6 5.Nc3 Be7 6.Bg2 O-O 7.Nf3 Re8 8.O-O a6 9.a4 e5
10.e4 Bd7 11.Qb3 Qc8 12.a5 h6 13.Re1 Bh3 14.Bh1 Nbd7 15.Qc2 Nh7 16.Bd2 Qd8
17.Nd1 Ng5 18.Nh4 Nh7 19.Nf5 Bxf5 20.exf5 b5 21.axb6 Qxb6 22.Nc3 Reb8 23.Na4 Qb3
24.Qc1 Bg5 25.Bxg5 Nxg5 26.Re3 Qb7 27.h4 Nh7 28.Be4 Nhf6 29.Bc2 Qc7 30.Qd1 e4
31.b3 Ne5 32.Nc3 Neg4 33.Re1 e3 34.fxe3 Qe7 35.e4 Qe5 36.Qd3 Qe7 37.Kg2 Ne5
38.Qd2 Kh7 39.Ne2 g6 40.fxg6 fxg6 41.Nf4 Rg8 42.Ne6 Ne8 43.Rf1 Ng7 44.Nf4 Ng4
45.Rae1 Ne5 46.Nd3 Rgf8 47.Qc3 Rxf1 48.Rxf1 Ng4 49.Nf4 Rf8 50.Qd3 Ne5 51.Qe2 Qf6
52.Nd3 Qxf1 53.Qxf1 Rxf1 54.Kxf1 Nxd3 55.Bxd3 Ne8 56.e5 dxe5 57.h5 Nd6 58.Bxg6
Kg7 59.Kf2 Kf6 60.Kf3 Kg5 61.g4 Kf6 62.Bh7 Kg7 63.Bf5 Kf6 64.Bc2 Nf7 65.Ke3 Nd6
66.Bb1 Kg5 67.Kf3 Kf6 68.Bh7 Kg7 69.Bc2 1/2-1/2

[Event "Cto. Navarra por equipos - Division Hono"]
[Site "?"]
[Date "2017.10.28"]
[Round "3"]
[White "Juanco Elizari, Felix Javier"]
[Black "Mindeguia Guruceaga, Juan Jesus"]
[Result "0-1"]
[WhiteElo "1730"]
[BlackElo "2169"]

1.Nf3 c5 2.c4 e6 3.g3 d5 4.Bg2 Nc6 5.cxd5 exd5 6.d4 Nf6 7.Nc3 Be7 8.O-O O-O
9.Bg5 cxd4 10.Nxd4 h6 11.Bxf6 Bxf6 12.e3 Be6 13.Qd2 Rc8 14.Rfd1 Re8 15.Rac1 Bxd4
16.exd4 Qd7 17.Qf4 Ne7 18.Bf1 a6 19.b3 b5 20.a4 b4 21.Na2 Qb7 22.Qd6 Nc6 23.Rd2
Red8 24.Qf4 Qb6 25.Qe3 Bf5 26.f3 g5 27.Bd3 Qxd4 28.Qxd4 Nxd4 29.Bxa6 Rxc1 0-1

[Event "Cto. Navarra por equipos - Division Hono"]
[Site "?"]
[Date "2017.10.28"]
[Round "3"]
[White "Mombiela Martinez, Gonzalo"]
[Black "Ruiz Turrillas, Alfredo"]
[Result "1-0"]
[WhiteElo "2141"]
[BlackElo "1714"]

1.e4 e5 2.d4 exd4 3.Qxd4 Nc6 4.Qe3 b6 5.Nf3 Bc5 6.Qe2 a5 7.Bg5 f6 8.Be3 Qe7
9.Nc3 Bb4 10.Qd3 Ba6 11.Qd5 Bxc3 12.bxc3 Bxf1 13.Rxf1 Qe6 14.O-O-O Nge7 15.Qxe6
dxe6 16.Nd4 Nxd4 17.cxd4 O-O 18.f4 a4 19.c4 f5 20.e5 Rfd8 21.Kc2 Kf7 22.a3 g6
23.Rb1 h5 24.Rb5 Ra6 25.Rfb1 Rda8 26.d5 Nc8 27.c5 exd5 28.cxb6 Nxb6 29.Bxb6 Rxb6
30.Rxb6 cxb6 31.Rxb6 Rc8 32.Kd3 h4 33.g3 hxg3 34.hxg3 Rc1 35.Rb4 Rg1 36.Kd4 Rxg3
37.Rxa4 g5 38.Ra7 Ke6 39.Ra6 Ke7 40.fxg5 Rxg5 41.Kxd5 Rg3 42.Ra7 Kd8 43.a4 Rd3
44.Kc4 Re3 45.Kd4 Re1 46.a5 Ra1 47.Kd5 Rd1 48.Ke6 f4 49.a6 Ra1 50.Rd7 Ke8 51.Ra7
Kd8 52.Ra8 Kc7 53.a7 f3 54.Rf8 Ra6 55.Ke7 Rxa7 56.Rxf3 Kc8 57.Ke8 Rc7 58.e6 Rc1
59.e7 Rh1 60.Rc3 Kb7 1-0

[Event "Cto. Navarra por equipos - Division Hono"]
[Site "?"]
[Date "2017.10.28"]
[Round "3"]
[White "Jeddi, Abdelkader"]
[Black "Monje Peinado, Roberto"]
[Result "0-1"]
[WhiteElo "1704"]
[BlackElo "2051"]

1.d4 f5 2.g3 Nf6 3.Bg2 g6 4.Nf3 Bg7 5.O-O O-O 6.c4 Ne4 7.Nc3 Nc6 8.a3 Nxc3
9.bxc3 d6 10.Ng5 e6 11.f4 h6 12.Nf3 Qe7 13.a4 Na5 14.c5 Rd8 15.cxd6 cxd6 16.Rb1
Bd7 17.Ne1 Rac8 18.e3 b6 19.Qc2 Rc4 20.Ra1 Qe8 21.g4 Bxa4 22.Rxa4 Qxa4 23.Qxa4
Rxa4 24.gxf5 gxf5 25.e4 fxe4 26.Bxe4 Rc8 27.Rf3 Bxd4 28.Be3 Bxe3 29.Rxe3 Kf7
30.f5 exf5 31.Bxf5 Rg8 32.Kf2 Rf4 33.Rf3 Rxf3 34.Nxf3 Kf6 35.Nd4 Rg5 36.Bd7 Rc5
37.Ne2 Nc6 38.Ng3 Ke7 39.Bg4 Rxc3 40.Nf5 Kf6 41.Nxd6 Rc2 42.Kg3 a5 43.Nf5 h5
44.Ne3 Rc5 45.Bf3 Ne7 46.Kf2 a4 47.Be2 a3 0-1

[Event "Cto. Navarra por equipos - Division Hono"]
[Site "?"]
[Date "2017.10.28"]
[Round "3"]
[White "Cinza Lopez, Javier"]
[Black "Marin Salvador, Ruben"]
[Result "0-1"]
[WhiteElo "2010"]
[BlackElo "1645"]

1.e4 e6 2.d4 d5 3.e5 c5 4.c3 Nc6 5.Nf3 Qb6 6.a3 Nh6 7.b4 cxd4 8.cxd4 Nf5 9.Bb2
Bd7 10.g4 Nfe7 11.Nc3 Ng6 12.h4 h5 13.Na4 Qd8 14.gxh5 Rxh5 15.Ng5 Rxh4 16.Rxh4
Nxh4 17.Nh7 Be7 18.Bc1 Nf5 19.Be3 Nxe3 20.fxe3 Nxb4 21.Qb3 Bh4 22.Kd1 Nc6 23.Nc5
Na5 24.Qb4 Be7 25.Bb5 Nc6 26.Qc3 Rb8 27.Rc1 Bxc5 28.Qxc5 Qe7 29.Kd2 a6 30.Bd3 b5
31.Qxe7 Kxe7 32.Rg1 b4 33.axb4 Nxb4 34.Rxg7 Nxd3 35.Kxd3 a5 36.Ng5 Be8 37.Rh7 a4
38.Rh2 Rb3 39.Kc2 Rxe3 40.Kb2 Rd3 41.Rh4 Rg3 42.Nh7 Bb5 43.Nf6 a3 44.Kb1 Bc4
45.Rg4 a2 46.Kb2 Rd3 47.Rg1 Rxd4 48.Rc1 Rd2 49.Ka1 Rf2 50.Ng4 Re2 51.Rg1 d4
52.Rc1 Bd5 53.Rc7 Kd8 54.Ra7 Re1 55.Kb2 Re2 56.Kc1 Re1 57.Kb2 Re2 58.Kc1 d3
59.Ra3 Rc2 60.Kd1 Bf3 61.Ke1 Bxg4 0-1

[Event "Cto. Navarra por equipos - Division Hono"]
[Site "?"]
[Date "2017.10.28"]
[Round "3"]
[White "Huerga Leache, Mikel"]
[Black "Martinez Ayesa, Aitor"]
[Result "1-0"]
[WhiteElo "2449"]
[BlackElo "2045"]

1.Nf3 c5 2.e4 e6 3.c3 d5 4.exd5 exd5 5.d4 Nf6 6.Bb5 Bd7 7.Bxd7 Nbxd7 8.O-O Be7
9.dxc5 Nxc5 10.Nd4 Qd7 11.Qf3 O-O 12.Nf5 Rfe8 13.Be3 Nce4 14.Nd2 Nxd2 15.Bxd2
Bf8 16.Be3 Re5 17.Nh6 Kh8 18.Bd4 Rh5 19.Bxf6 Rxh6 20.Bd4 Re6 21.Rfd1 Rae8 22.Be3
Qb5 23.Rab1 Qa4 24.Qxd5 Qg4 25.Qxb7 Bc5 26.h3 Qh5 27.Bxc5 Qxc5 28.Qxf7 R6e7
29.Qd5 Qc7 30.Qd6 Qa5 31.Rd5 Qxa2 32.Qxe7 Qxb1 33.Kh2 Rg8 34.Rd8 h6 35.Rxg8 Kxg8
36.Qxa7 Qxb2 37.Qd4 Kh7 38.f4 Kg8 39.Qd5 Kh8 40.c4 Qc1 41.Qd4 Kh7 42.c5 Kh8
43.Qe5 1-0

[Event "Cto. Navarra por equipos - Division Hono"]
[Site "?"]
[Date "2017.10.28"]
[Round "3"]
[White "Forjan Jimenez, Pedro"]
[Black "Estefano Rilova, Fernando"]
[Result "0-1"]
[WhiteElo "2000"]
[BlackElo "2035"]

1.b3 e5 2.Bb2 Nc6 3.e3 d5 4.Bb5 f6 5.Qh5 g6 6.Qh4 Nh6 7.f4 Nf7 8.Bxc6 bxc6 9.Nf3
Bg7 10.fxe5 fxe5 11.Qxd8 Kxd8 12.O-O Be6 13.d3 Kd7 14.Nbd2 Rhe8 15.e4 Bh6
16.exd5 cxd5 17.Rfe1 Bg4 18.h3 Bxf3 19.Nxf3 d4 20.Bc1 Bxc1 21.Raxc1 Re6 22.Re2
Rae8 23.Rf1 R8e7 24.Rfe1 Kd6 25.Nd2 Kd5 26.Ne4 Nd6 27.Ng5 Rf6 28.Nf3 e4 29.dxe4
Rxe4 30.Ng5 Rxe2 31.Rxe2 h6 32.Nf3 Ne4 33.Nd2 Nc3 34.Re7 Kd6 35.Re1 Kd5 36.a4
Rc6 37.Nc4 Ne4 38.Re2 Rf6 39.Nd2 Re6 40.Nxe4 Rxe4 41.Kf1 c5 42.Rf2 Re5 43.Rd2 c4
44.bxc4 Kxc4 45.Rd3 Ra5 46.Rg3 g5 47.Ke2 Rxa4 48.Kd2 Ra6 49.h4 gxh4 50.Rg4 Rd6
51.Rxh4 a5 52.Rh5 Ra6 53.Kc1 a4 54.Kb2 a3 55.Ka2 Kc3 56.Rd5 Rg6 57.Rc5 Kb4
58.Rd5 Kc4 59.Rd8 Rxg2 60.Rc8 Kb4 61.Rb8 Ka4 62.Ra8 Kb5 63.Kb3 Rg3 64.Ka2 h5
65.Rd8 Kc4 66.Rc8 Kd5 67.Rh8 Rh3 68.Rd8 Ke4 69.Re8 Kf4 70.Rd8 Rc3 71.Rxd4 Kg3
0-1

[Event "Cto. Navarra por equipos - Division Hono"]
[Site "?"]
[Date "2017.10.28"]
[Round "3"]
[White "Ramos Dominguez, Joaquin"]
[Black "Lerendegui Lasa, Odei"]
[Result "1-0"]
[WhiteElo "2080"]
[BlackElo "1975"]

1.e4 c5 2.Nc3 a6 3.g3 b5 4.Bg2 Bb7 5.d3 e6 6.Nf3 Be7 7.O-O b4 8.Ne2 d5 9.exd5
exd5 10.d4 c4 11.c3 a5 12.Ne5 Ra6 13.Nxc4 Nf6 14.Ne5 O-O 15.c4 Qc8 16.c5 Re8
17.Be3 Nc6 18.Nxc6 Bxc6 19.Qd3 Qb7 20.Rfe1 Bb5 21.Qc2 Ne4 22.Nf4 Bf6 23.Nd3 Rae6
24.Nf4 R6e7 25.Nh5 Qc6 26.Rac1 a4 27.Nf4 Bc4 28.b3 Bb5 29.Nd3 Bxd3 30.Qxd3 Nc3
31.a3 axb3 32.axb4 Na2 33.Rb1 Rb8 34.Qxb3 Nxb4 35.Bxd5 Qc8 36.Bg2 Na6 37.Qc4
Rxb1 38.Rxb1 Nc7 39.d5 Qf5 40.Rb8 Re8 41.Rxe8 Nxe8 42.Qe4 Qxe4 43.Bxe4 Kf8 44.d6
Bd8 45.Kf1 g6 46.Bc6 Ng7 47.Bh6 f5 48.Ba4 Kf7 1-0

[Event "Cto. Navarra por equipos - Division Hono"]
[Site "?"]
[Date "2017.10.28"]
[Round "3"]
[White "Mancha Otano, Aritz"]
[Black "Idiazabal Troyas, Aritz"]
[Result "1/2-1/2"]
[WhiteElo "1965"]
[BlackElo "2015"]

1.d4 c5 2.d5 e5 3.c4 d6 4.e4 Nf6 5.Nc3 Be7 6.Be2 Nbd7 7.f4 exf4 8.Bxf4 O-O 9.Qd2
Ne8 10.Nf3 Bf6 11.O-O Qe7 12.Rae1 Be5 13.Bd1 Bxf4 14.Qxf4 Ne5 15.Nxe5 dxe5
16.Qg3 Nd6 17.b3 a6 18.a4 Bd7 19.Bg4 Bxg4 20.Qxg4 Rab8 21.Qe2 Qd7 22.Rf3 b5
23.cxb5 axb5 24.axb5 Nxb5 25.Nxb5 Rxb5 26.Rc1 Rfb8 27.Rfc3 Rxb3 28.Rxc5 Rb1
29.h3 Qa7 30.Kh2 Rxc1 31.Rxc1 g6 32.Qg4 Qe3 33.Rc8 Rxc8 34.Qxc8 Kg7 35.Qc4 h5
36.d6 Qf4 37.Kh1 Qd2 38.Qc6 h4 39.d7 1/2-1/2

[Event "Cto. Navarra por equipos - Division Hono"]
[Site "?"]
[Date "2017.10.28"]
[Round "3"]
[White "Garralda Ruiz, Ander"]
[Black "Vilchez Gonzalez, Angel"]
[Result "1-0"]
[WhiteElo "1954"]
[BlackElo "1917"]

1.e4 e6 2.d4 d5 3.Nc3 dxe4 4.Nxe4 Bd7 5.Nf3 Bc6 6.Bd3 Be7 7.c3 Nf6 8.Ng3 Nbd7
9.O-O h5 10.Re1 h4 11.Ne4 Nxe4 12.Bxe4 Bxe4 13.Rxe4 g5 14.Qb3 g4 15.Rxg4 Nf6
16.Rxh4 Rxh4 17.Nxh4 Nd5 18.Nf3 Rb8 19.c4 Nb4 20.Bd2 Nc6 21.d5 exd5 22.cxd5 1-0

[Event "Cto. Navarra por equipos - Division Hono"]
[Site "?"]
[Date "2017.10.28"]
[Round "3"]
[White "Pedchenko, Alex"]
[Black "Huarte Zozaya, Aitor"]
[Result "0-1"]
[WhiteElo "1774"]
[BlackElo "1867"]

1.d4 Nf6 2.Nf3 c5 3.g3 cxd4 4.Nxd4 e5 5.Nb3 d5 6.Bg2 Nc6 7.O-O Be6 8.Nc3 h6 9.e3
Be7 10.Ne2 Qd7 11.Nd2 h5 12.c4 h4 13.cxd5 Bxd5 14.Bxd5 Nxd5 15.Nf3 e4 16.Nfd4
hxg3 17.fxg3 O-O-O 18.Qc2 Nf6 19.a3 Rh6 20.b4 Kb8 21.Nxc6 bxc6 22.Nd4 Ng4
23.Qxe4 Nxh2 24.Rf2 Ng4 25.Rf4 Rdh8 26.Bd2 Qd5 27.Nxc6 Qxc6 28.Qxc6 Rxc6 29.Rxg4
Rc2 30.Rd1 Bf6 31.e4 Kb7 32.Rf4 Rd8 33.e5 Bxe5 34.Rxf7 Kb8 0-1

[Event "Cto. Navarra por equipos - Division Hono"]
[Site "?"]
[Date "2017.10.28"]
[Round "3"]
[White "Roviralta Montero, Alex"]
[Black "Dorregarai Iparraguirre, Leire"]
[Result "1-0"]
[WhiteElo "1813"]
[BlackElo "1631"]

1.e4 g6 2.d4 Bg7 3.Nc3 d6 4.Be3 c6 5.Qd2 Nd7 6.f3 Nb6 7.O-O-O Be6 8.b3 Nc8
9.Nge2 b5 10.d5 cxd5 11.Nf4 Bd7 12.Nfxd5 e6 13.Nxb5 exd5 14.Qxd5 Rb8 15.Nxd6
Nxd6 16.Qxd6 Ne7 17.Bc4 Bc3 18.Rd3 Bb4 19.Qf6 Rf8 20.Rhd1 Qa5 21.Rxd7 Qxa2
22.Rxe7 Bxe7 23.Qc6 1-0